La formación del carácter /

保存先:
書誌詳細
第一著者: Künkel, Fritz (autor)
その他の著者: Dickerson, Roy E. (autor) (autor)
フォーマット: 図書
言語:スペイン語
出版事項: Buenos Aires, Argentina : Paidós, 1972, c1971
版:6a edición
シリーズ:(Biblioteca del Hombre Contemporáneo ; 4)
主題:
タグ: タグ追加
タグなし, このレコードへの初めてのタグを付けませんか!

MARC

LEADER 00000nam^a2200000^a^4500
001 000017999
005 20250521000000.0
009 20260310084203.142
037 |a Acervo ITESO - Biblioteca 
041 |a ESP 
082 |a 155. 23  |b KUN 
100 |a Künkel, Fritz  |e (autor) 
245 1 3 |a La formación del carácter /  |c F. Künkel, R.E. Dickerson ; presen. de Jaime Barnstein ; tr. por Izquierdo Hernández, Delia Carnelli. 
250 |a 6a edición 
264 4 |a Buenos Aires, Argentina :  |b Paidós,  |c 1972, c1971 
300 |a 313 p. 
336 |a texto  |b txt  |2 rdacontenido 
337 |a sin mediación  |b n  |2 rdamedio 
338 |a volumen  |b nc  |2 rdasoporte 
440 1 |a (Biblioteca del Hombre Contemporáneo ;  |v 4) 
500 |a Traducción de: How Character Develops 
649 |a XX 
650 |a Carácter 
650 |a Personalidad 
650 |a Psicología Diferencial 
700 |a Dickerson, Roy E.  |e (autor) 
910 |a Fondo General 
920 |a Impresos - Libros 
930 |a Colección General 
905 |a 101 
901 |a 0179990100  |b IT1  |c ACC  |i 017999  |u 20250521 
902 |a https://opac.biblio.iteso.mx/vufind/Record/000017999